[Event "Ontario op"]
[Site "Kingston CAN"]
[Date "2003.05.17"]
[Round "2"]
[White "Bokhout, Peter"]
[Black "Dixon, Frank"]
[Result "0-1"]
[WhiteElo "2084"]
[BlackElo "1979"]
[PlyCount "88"]
[EventDate "2003.05.17"]
[EventType "swiss"]
[EventRounds "6"]
[EventCountry "CAN"]

1. d4 Nf6 2. c4 e6 3. Nc3 Nc6 4. e4 d5 5. cxd5 exd5 6. e5 Ne4 7. Nf3 Bb4 8. Qc2
Be6 9. Bd3 f5 10. O-O Be7 11. a3 O-O 12. b4 a6 13. Na4 Qd7 14. Bb2 b5 15. Nc3
Rab8 16. Ne2 g5 17. Bc1 f4 18. Nd2 Rf7 19. f3 Nxd2 20. Bxd2 Nd8 21. Nc1 c6 22.
Nb3 Nb7 23. Rfc1 Rc8 24. a4 g4 25. axb5 axb5 26. Ra7 gxf3 27. gxf3 Rg7+ 28. Kh1
Bh3 29. Bf1 Bxf1 30. Rxf1 Qh3 31. Rf2 Bh4 32. Bxf4 Bxf2 33. Qxf2 Rf8 34. Bg3
Qf5 35. Nd2 Nd8 36. Rxg7+ Kxg7 37. Bh4 Ne6 38. Bf6+ Kf7 39. Qe3 Ra8 40. Qc3 Qh3
41. Qd3 Ra1+ 42. Nb1 Nf4 43. e6+ Kxf6 44. Qf5+ Kxf5 0-1

[Event "Ontario op"]
[Site "Kingston CAN"]
[Date "2003.05.17"]
[Round "2"]
[White "Struthers, Matthew"]
[Black "Patterson, Roger"]
[Result "1-0"]
[WhiteElo "2073"]
[BlackElo "2200"]
[PlyCount "61"]
[EventDate "2003.05.17"]
[EventType "swiss"]
[EventRounds "6"]
[EventCountry "CAN"]

1. e4 e5 2. Nf3 Nc6 3. Bc4 Bc5 4. Nc3 Nf6 5. d3 d6 6. Bg5 h6 7. Bh4 g5 8. Bg3
a6 9. a3 Bg4 10. h4 Rg8 11. hxg5 hxg5 12. Nd5 Nd4 13. c3 Ne6 14. Rh6 Nh5 15.
Qd2 c6 16. Nh2 cxd5 17. exd5 Neg7 18. Nxg4 f5 19. d4 Ba7 20. dxe5 fxg4 21. Rxd6
Qc7 22. Qxg5 Qxc4 23. Qg6+ Kf8 24. e6 Bxf2+ 25. Bxf2 Qe2+ 26. Kxe2 Nf4+ 27. Kd2
Nxg6 28. Rd7 Ke8 29. Rxb7 Rd8 30. c4 Nxe6 31. Re1 1-0

[Event "Ontario op"]
[Site "Kingston CAN"]
[Date "2003.05.18"]
[Round "3"]
[White "McKay, Geoff"]
[Black "Struthers, Matthew"]
[Result "0-1"]
[WhiteElo "2033"]
[BlackElo "2073"]
[PlyCount "92"]
[EventDate "2003.05.17"]
[EventType "swiss"]
[EventRounds "6"]
[EventCountry "CAN"]

1. e4 e5 2. f4 d6 3. Bc4 Nf6 4. Nc3 Nc6 5. d3 Na5 6. Nf3 Nxc4 7. dxc4 exf4 8.
Bxf4 Bg4 9. O-O Be7 10. Qe1 Nh5 11. Be3 Bf6 12. e5 dxe5 13. Bc5 Bxf3 14. Rxf3
b6 15. Rd1 Qc8 16. Bd4 Qe6 17. Re3 O-O-O 18. Bxe5 Rxd1 19. Nxd1 Qxc4 20. Rc3
Qd5 21. Rxc7+ Kd8 22. Rxa7 Bxe5 23. Nc3 Qd4+ 24. Kh1 Re8 25. Nb5 Qd5 26. c4 Qc6
27. Qd1+ Kc8 28. Rc7+ Qxc7 29. Nxc7 Bxc7 30. Qg4+ Re6 31. g3 g6 32. Qf3 Nf6 33.
b4 g5 34. a4 g4 35. Qa8+ Kd7 36. c5 bxc5 37. bxc5 Re8 38. Qa6 Nd5 39. Qb5+ Kd8
40. Qd3 Re5 41. Qd4 f6 42. Qd2 Ke7 43. a5 Bb8 44. Qb2 Re1+ 45. Kg2 Ne3+ 46. Kf2
Nd1+ 0-1

[Event "Ontario op"]
[Site "Kingston CAN"]
[Date "2003.05.18"]
[Round "4"]
[White "Brice, Ron"]
[Black "Coppin, Wayne"]
[Result "1/2-1/2"]
[WhiteElo "2099"]
[BlackElo "2021"]
[PlyCount "126"]
[EventDate "2003.05.17"]
[EventType "swiss"]
[EventRounds "6"]
[EventCountry "CAN"]

1. c4 e5 2. g3 f5 3. Bg2 Nf6 4. d4 exd4 5. Qxd4 Nc6 6. Qe3+ Qe7 7. Nc3 Nb4 8.
Qd2 Qd6 9. a3 Qxd2+ 10. Kxd2 Na6 11. b4 Be7 12. Nh3 O-O 13. e3 c6 14. Ke2 Nc7
15. Nf4 d6 16. h4 Bd7 17. Bb2 Ng4 18. Rhd1 Ne5 19. c5 Nc4 20. cxd6 Bxd6 21.
Rab1 Rad8 22. Nd3 Be6 23. Bc1 Ne5 24. Nxe5 Bxe5 25. Bb2 Bc4+ 26. Ke1 Nb5 27.
Nxb5 Bxb2 28. Rxb2 Rxd1+ 29. Kxd1 Bxb5 30. Rd2 g6 31. Rd6 Kg7 32. Kd2 Rf6 33.
Rd7+ Rf7 34. Rxf7+ Kxf7 35. e4 Kf6 36. Ke3 fxe4 37. Bxe4 b6 38. h5 c5 39. bxc5
bxc5 40. f4 Bd7 41. hxg6 hxg6 42. Kf3 Ba4 43. Ke3 Bd7 44. Bf3 Ba4 45. Be2 Bd7
46. Kd2 Bc6 47. Kc3 Bd5 48. Bc4 Bf3 49. Ba6 g5 50. fxg5+ Kxg5 51. Bc8 Bd5 52.
Kd3 Kf6 53. Ke3 Ke5 54. g4 Be4 55. Ba6 Bd5 56. a4 Bb3 57. a5 Be6 58. Be2 c4 59.
Kd2 Kd4 60. g5 Bf5 61. Bg4 c3+ 62. Kc1 Ke5 63. Bd1 Kf4 1/2-1/2

[Event "Ontario op"]
[Site "Kingston CAN"]
[Date "2003.05.18"]
[Round "4"]
[White "Patterson, Roger"]
[Black "McKay, Geoff"]
[Result "1-0"]
[WhiteElo "2200"]
[BlackElo "2033"]
[PlyCount "43"]
[EventDate "2003.05.17"]
[EventType "swiss"]
[EventRounds "6"]
[EventCountry "CAN"]

1. e4 Nf6 2. e5 Nd5 3. d4 d6 4. Nf3 g6 5. Be2 Bg7 6. O-O O-O 7. c4 Nb6 8. Nc3
Bg4 9. exd6 cxd6 10. Be3 f5 11. Ng5 Qd7 12. Bxg4 fxg4 13. Qb3 e6 14. c5 dxc5
15. dxc5 Nd5 16. Nxe6 Qxe6 17. Nxd5 Nc6 18. Rad1 Kh8 19. Qxb7 Rab8 20. Qa6 Rxb2
21. Nc7 Qf6 22. Rd6 1-0

[Event "Ontario op"]
[Site "Kingston CAN"]
[Date "2003.05.19"]
[Round "5"]
[White "Becker, Paul"]
[Black "Tiwari, Errol"]
[Result "1-0"]
[WhiteElo "1907"]
[BlackElo "1838"]
[PlyCount "74"]
[EventDate "2003.05.17"]
[EventType "swiss"]
[EventRounds "6"]
[EventCountry "CAN"]

1. e4 c5 2. Nf3 d6 3. d4 cxd4 4. Nxd4 Nf6 5. Nc3 a6 6. Rg1 e6 7. g4 b5 8. g5
Nfd7 9. Be3 Bb7 10. a3 Nc6 11. Qh5 g6 12. Qd1 Nc5 13. f3 Bg7 14. Qd2 Qc7 15.
Ndxb5 axb5 16. Nxb5 Qe7 17. Nxd6+ Kf8 18. Bxc5 Kg8 19. O-O-O h5 20. f4 Kh7 21.
e5 Rhd8 22. Bd3 Ba6 23. Bxa6 Rxa6 24. Qf2 Qc7 25. Ne4 Rxd1+ 26. Rxd1 Na5 27.
Nf6+ Bxf6 28. gxf6 Rc6 29. Bb4 Nc4 30. b3 Nb6 31. Ba5 Kg8 32. Bxb6 Rxb6 33. Kb2
Rc6 34. Rd2 Qa5 35. Qd4 Kh7 36. Qb4 Qa8 37. Qe7 h4 1-0

[Event "Outaouais ferme"]
[Site "Gatineau CAN"]
[Date "2003.04.29"]
[Round "1"]
[White "Libersan, Mattieu"]
[Black "Groleau, Gilles"]
[Result "0-1"]
[WhiteElo "1936"]
[BlackElo "2057"]
[PlyCount "132"]
[EventDate "2003.04.29"]
[EventType "swiss"]
[EventRounds "6"]
[EventCountry "CAN"]

1. e4 c5 2. b4 cxb4 3. a3 bxa3 4. Nxa3 d6 5. d4 Nf6 6. Bd3 g6 7. Nf3 Bg7 8. O-O
O-O 9. Nb5 a6 10. Nc3 Nc6 11. h3 Bd7 12. e5 Ne8 13. Re1 dxe5 14. dxe5 Nc7 15.
Bd2 Be6 16. Qe2 Nd5 17. Ne4 Nxe5 18. Nxe5 Bxe5 19. Ng5 Bg7 20. Nxe6 fxe6 21.
Qxe6+ Kh8 22. Rad1 Rc8 23. Be4 Nc7 24. Qg4 Nb5 25. h4 Qb6 26. Be3 Qc7 27. h5
Nd6 28. hxg6 Nxe4 29. Qxe4 Qxc2 30. Bd4 Qxe4 31. Bxg7+ Kxg7 32. Rxe4 Rc7 33.
gxh7 Kxh7 34. Rd5 Kg7 35. Ree5 Rc1+ 36. Kh2 Rxf2 37. Rxe7+ Rf7 38. Re6 Rcc7 39.
Rg5+ Kf8 40. Rd5 Rfe7 41. Rb6 Ke8 42. Rg6 Rh7+ 43. Kg1 Rhg7 44. Rdd6 Rxg6 45.
Rxg6 Rf7 46. g4 Kd7 47. Kg2 a5 48. Rb6 Kc7 49. Rb5 b6 50. Kg3 Kc6 51. Rb1 a4
52. g5 b5 53. Rc1+ Kd5 54. Rd1+ Kc4 55. Rc1+ Kb4 56. Rb1+ Ka5 57. Kg4 b4 58. g6
Rc7 59. Kf5 b3 60. Kf6 Kb4 61. g7 Rxg7 62. Kxg7 a3 63. Kf6 a2 64. Ra1 Ka3 65.
Re1 b2 66. Re3+ Kb4 0-1

[Event "Outaouais ferme"]
[Site "Gatineau CAN"]
[Date "2003.05.09"]
[Round "2"]
[White "Groleau, Gilles"]
[Black "Laurin, Jacques"]
[Result "0-1"]
[WhiteElo "2057"]
[BlackElo "1890"]
[PlyCount "47"]
[EventDate "2003.04.29"]
[EventType "swiss"]
[EventRounds "6"]
[EventCountry "CAN"]

1. e4 g6 2. d4 Bg7 3. Nf3 d6 4. Be2 Nc6 5. O-O Bg4 6. Be3 Nf6 7. Nc3 O-O 8. Qd2
d5 9. exd5 Nxd5 10. Nxd5 Qxd5 11. h3 Bf5 12. c4 Qd7 13. d5 Nd8 14. Bh6 e6 15.
Bxg7 Kxg7 16. g4 exd5 17. cxd5 Re8 18. gxf5 Qxf5 19. Nh2 Re5 20. Bg4 Qe4 21.
Bf3 Qh4 22. Qc3 f6 23. Bg2 Nf7 24. Nf3 0-1

[Event "Outaouais ferme"]
[Site "Gatineau CAN"]
[Date "2003.05.06"]
[Round "2"]
[White "Lacourse, Guy"]
[Black "Skiljevic, Gordan"]
[Result "1-0"]
[WhiteElo "1631"]
[BlackElo "1622"]
[PlyCount "87"]
[EventDate "2003.04.29"]
[EventType "swiss"]
[EventRounds "6"]
[EventCountry "CAN"]

1. Nf3 Nc6 2. d4 Nf6 3. c4 e6 4. Nc3 Bb4 5. Bg5 h6 6. Bxf6 gxf6 7. Rc1 d5 8. e3
Bd7 9. a3 Bxc3+ 10. Rxc3 Qe7 11. cxd5 exd5 12. Bb5 O-O-O 13. Nd2 Rhg8 14. Qa4
Rxg2 15. Bxc6 Bxc6 16. Qxa7 Qd6 17. Nf3 Kd7 18. Qc5 Qe6 19. b4 b6 20. Qxc6+
Qxc6 21. Rxc6 Kxc6 22. Ke2 Ra8 23. Rc1+ Kb5 24. Rxc7 Rxa3 25. Rxf7 Ra2+ 26. Nd2
Rg1 27. Rxf6 Rc1 28. Rf5 Rcc2 29. Rxd5+ Kc6 30. Rf5 Rxd2+ 31. Kf1 Kd6 32. Kg2
Ke6 33. Rf4 Rab2 34. h4 Rxb4 35. d5+ Kxd5 36. Rxb4 Kc5 37. Rb1 b5 38. Kg3 b4
39. f4 b3 40. Rxb3 Kc4 41. Ra3 Kd5 42. Ra5+ Ke4 43. Re5+ Kd3 44. Rd5+ 1-0

[Event "Outaouais ferme"]
[Site "Gatineau CAN"]
[Date "2003.05.09"]
[Round "3"]
[White "Arsenault, Yves"]
[Black "Lacourse, Guy"]
[Result "1-0"]
[WhiteElo "1450"]
[BlackElo "1631"]
[PlyCount "51"]
[EventDate "2003.04.29"]
[EventType "swiss"]
[EventRounds "6"]
[EventCountry "CAN"]

1. e4 c5 2. Nf3 d6 3. Bc4 e6 4. Nc3 a6 5. a4 Nc6 6. b3 Be7 7. Bb2 Nf6 8. d4
cxd4 9. Nxd4 O-O 10. Qd2 Qc7 11. O-O-O Na5 12. Bd3 Nd7 13. Kb1 Nc5 14. Be2 Nc6
15. f4 Nxd4 16. Qxd4 b6 17. Nd5 e5 18. Nxc7 exd4 19. Nxa8 Nxe4 20. Rxd4 Nf2 21.
Rf1 Bf6 22. Rxd6 Bxb2 23. Kxb2 Ne4 24. Rxb6 Bf5 25. Rxa6 Bc8 26. Ra7 1-0

[Event "Outaouais ferme"]
[Site "Gatineau CAN"]
[Date "2003.05.06"]
[Round "3"]
[White "Brousseau, Yvan"]
[Black "Groleau, Gilles"]
[Result "0-1"]
[WhiteElo "2059"]
[BlackElo "2057"]
[PlyCount "68"]
[EventDate "2003.04.29"]
[EventType "swiss"]
[EventRounds "6"]
[EventCountry "CAN"]

1. d4 Nf6 2. c4 e6 3. Nf3 Bb4+ 4. Nc3 b6 5. Bg5 Bb7 6. e3 h6 7. Bh4 c5 8. Be2
Nc6 9. a3 Bxc3+ 10. bxc3 d6 11. Qa4 O-O 12. O-O g5 13. Bg3 Ne4 14. Qc2 Na5 15.
Nd2 Nxd2 16. Qxd2 Nb3 17. Qd3 Nxa1 18. Rxa1 cxd4 19. Qxd4 e5 20. Qg4 f5 21. Qh5
Rf6 22. f4 Qe8 23. fxe5 dxe5 24. Rd1 f4 25. exf4 exf4 26. Bf2 f3 27. Qxe8+ Rxe8
28. Bf1 fxg2 29. Bxg2 Bxg2 30. Kxg2 Re2 31. Rf1 Kf7 32. Kg1 Ke6 33. Bg3 Rxf1+
34. Kxf1 Ra2 0-1

[Event "Outaouais ferme"]
[Site "Gatineau CAN"]
[Date "2003.05.13"]
[Round "3"]
[White "Desjardins, Michel"]
[Black "Roy, Roger"]
[Result "0-1"]
[WhiteElo "1755"]
[BlackElo "1703"]
[PlyCount "70"]
[EventDate "2003.04.29"]
[EventType "swiss"]
[EventRounds "6"]
[EventCountry "CAN"]

1. e4 c5 2. Nc3 Nc6 3. g3 Nf6 4. Bg2 e6 5. Nge2 Be7 6. O-O O-O 7. d3 d6 8. h3
Bd7 9. Be3 Qc8 10. f4 e5 11. f5 Nd4 12. g4 Bc6 13. Ng3 Nd7 14. g5 f6 15. g6
hxg6 16. fxg6 f5 17. Bxd4 cxd4 18. Nxf5 Rxf5 19. Rxf5 dxc3 20. Qh5 Nf6 21. Rxf6
Bxf6 22. Rf1 Qd8 23. Qh7+ Kf8 24. bxc3 Ke7 25. h4 Qh8 26. Bh3 Qxh7 27. gxh7
Bxh4 28. Rf5 Rh8 29. Rh5 Bf6 30. Bf5 Be8 31. Rh2 g6 32. Bc8 b6 33. Bb7 Kf8 34.
Bd5 Kg7 35. Bg8 Bf7 0-1

[Event "Outaouais ferme"]
[Site "Gatineau CAN"]
[Date "2003.05.09"]
[Round "3"]
[White "Laurin, Jacques"]
[Black "Libersan, Mattieu"]
[Result "1-0"]
[WhiteElo "1890"]
[BlackElo "1936"]
[PlyCount "61"]
[EventDate "2003.04.29"]
[EventType "swiss"]
[EventRounds "6"]
[EventCountry "CAN"]

1. c4 e6 2. Nc3 f5 3. e4 fxe4 4. d3 exd3 5. Bxd3 Nf6 6. Nh3 Be7 7. Bg5 O-O 8.
Qc2 Nc6 9. Bxf6 Bxf6 10. Bxh7+ Kh8 11. O-O Nd4 12. Qd3 Nf5 13. Bxf5 exf5 14.
Qxf5 d6 15. Qh5+ Kg8 16. Ne4 Bxh3 17. gxh3 Qe8 18. Qd5+ Kh8 19. Rae1 Qg6+ 20.
Ng3 Be5 21. Re4 c6 22. Rh4+ Qh6 23. Rxh6+ gxh6 24. Qe6 Rf6 25. Qe7 Raf8 26. Nh5
Rg6+ 27. Kh1 Rfg8 28. f4 Bd4 29. Ng3 R8g7 30. Qe2 c5 31. f5 1-0

[Event "Outaouais ferme"]
[Site "Gatineau CAN"]
[Date "2003.05.13"]
[Round "4"]
[White "Groleau, Gilles"]
[Black "Libersan, Mattieu"]
[Result "1-0"]
[WhiteElo "2057"]
[BlackElo "1936"]
[PlyCount "97"]
[EventDate "2003.04.29"]
[EventType "swiss"]
[EventRounds "6"]
[EventCountry "CAN"]

1. e4 e5 2. Nf3 Nc6 3. Bb5 f5 4. d3 fxe4 5. dxe4 Nf6 6. Nc3 Bc5 7. Bg5 O-O 8.
Bxf6 Qxf6 9. Qd5+ Kh8 10. Qxc5 d6 11. Qe3 Nd4 12. O-O-O Bg4 13. Be2 Bxf3 14.
gxf3 Nxe2+ 15. Qxe2 Qxf3 16. Qxf3 Rxf3 17. Rd2 Raf8 18. Nd1 R8f4 19. Rd3 h5 20.
Rxf3 Rxf3 21. Kd2 g5 22. Rg1 g4 23. Rg3 Rf4 24. Rc3 c6 25. Rd3 Rf6 26. h3 Kg7
27. hxg4 hxg4 28. Rg3 Rf4 29. f3 Kf6 30. Rxg4 Rxf3 31. Ke2 Rh3 32. Nf2 Rh2 33.
Kf3 d5 34. exd5 cxd5 35. Ra4 Kf5 36. Kg3 Rh7 37. Rxa7 e4 38. Nd1 Rg7+ 39. Kf2
d4 40. Ra8 Rc7 41. Rf8+ Ke5 42. c3 d3 43. Ke3 Rg7 44. Re8+ Kd5 45. c4+ Kc5 46.
Rxe4 Rd7 47. a3 b6 48. b4+ Kc6 49. Rd4 1-0

[Event "Outaouais ferme"]
[Site "Gatineau CAN"]
[Date "2003.05.13"]
[Round "4"]
[White "Lacourse, Guy"]
[Black "Forget, David"]
[Result "1-0"]
[WhiteElo "1631"]
[BlackElo "1480"]
[PlyCount "45"]
[EventDate "2003.04.29"]
[EventType "swiss"]
[EventRounds "6"]
[EventCountry "CAN"]

1. Nf3 d5 2. d4 Bf5 3. c4 e6 4. Qb3 Nc6 5. cxd5 exd5 6. Nc3 Nb4 7. e4 dxe4 8.
Ne5 Be6 9. Bc4 Bxc4 10. Qxc4 Qe7 11. O-O Nf6 12. Bg5 h6 13. Bxf6 gxf6 14. Ng4
h5 15. Rae1 f5 16. Nxe4 O-O-O 17. Nc5 Qd6 18. Qxb4 b6 19. Qa4 bxc5 20. dxc5
Qxc5 21. Qa6+ Kb8 22. Re5 Rd6 23. Re8+ 1-0

[Event "Outaouais ferme"]
[Site "Gatineau CAN"]
[Date "2003.05.13"]
[Round "4"]
[White "Laurin, Jacques"]
[Black "Brousseau, Yvan"]
[Result "1/2-1/2"]
[WhiteElo "1890"]
[BlackElo "2059"]
[PlyCount "133"]
[EventDate "2003.04.29"]
[EventType "swiss"]
[EventRounds "6"]
[EventCountry "CAN"]

1. c4 g6 2. Nc3 Bg7 3. g3 Nf6 4. Bg2 O-O 5. d3 d6 6. Bd2 c6 7. Rb1 e5 8. b4 a6
9. Qc1 Re8 10. Bg5 Qc7 11. a4 Be6 12. Nf3 d5 13. c5 Nbd7 14. O-O a5 15. b5 Nxc5
16. b6 Qd6 17. d4 exd4 18. Bf4 Qf8 19. Nxd4 Bd7 20. f3 Nh5 21. Be3 Ne6 22. Nxe6
Bxe6 23. g4 Nf4 24. Bxf4 Qc5+ 25. Kh1 Qxc3 26. Qxc3 Bxc3 27. Rfc1 d4 28. e4 Ba2
29. Rxc3 Bxb1 30. Rc1 Ba2 31. Bd6 Bb3 32. f4 d3 33. Bf3 d2 34. Ra1 Rxe4 35.
Bxe4 d1=Q+ 36. Rxd1 Bxd1 37. Bxc6 bxc6 38. b7 Re8 39. b8=Q Rxb8 40. Bxb8 Bxg4
41. Bc7 Bd1 42. Bxa5 Bxa4 43. Kg2 Kf8 44. Bb4+ Ke8 45. Kf3 Kd7 46. Ke4 Ke6 47.
Bc5 Bb3 48. h4 Bd5+ 49. Kd4 Kf5 50. Ke3 Kg4 51. Be7 h6 52. Bf8 Kxh4 53. Bxh6 c5
54. Bf8 c4 55. Bb4 Kg4 56. Kd4 Kxf4 57. Kxd5 g5 58. Bd2+ Kg4 59. Kxc4 f5 60.
Kd3 f4 61. Ke2 Kg3 62. Kf1 Kf3 63. Bc1 g4 64. Kg1 Kg3 65. Bd2 f3 66. Be3 Kh3
67. Kf2 1/2-1/2

[Event "Outaouais ferme"]
[Site "Gatineau CAN"]
[Date "2003.05.13"]
[Round "4"]
[White "Lemieux, Richard"]
[Black "Rose, Richard"]
[Result "0-1"]
[WhiteElo "1686"]
[BlackElo "1778"]
[PlyCount "73"]
[EventDate "2003.04.29"]
[EventType "swiss"]
[EventRounds "6"]
[EventCountry "CAN"]

1. b3 d5 2. Bb2 Nf6 3. e3 c5 4. Nf3 Bg4 5. Be2 Nc6 6. O-O e6 7. d3 Bd6 8. h3
Bxf3 9. Bxf3 Be5 10. d4 cxd4 11. exd4 Bc7 12. Ba3 Bd6 13. c4 O-O 14. c5 Bc7 15.
Bb2 e5 16. dxe5 Bxe5 17. Bxe5 Nxe5 18. b4 a5 19. b5 Rc8 20. c6 bxc6 21. bxc6
Rxc6 22. Be2 Qd6 23. Bb5 Rc5 24. a4 Rfc8 25. Nd2 Rc3 26. Nb3 Ne4 27. Re1 Qf6
28. Rf1 Qf5 29. Rc1 Rxc1 30. Nxc1 Nc3 31. Qb3 Ne4 32. Qd1 Nc3 33. Qb3 d4 34.
Re1 d3 35. Nxd3 Nxd3 36. Bxd3 Qxd3 37. Qxc3 0-1

[Event "Outaouais ferme"]
[Site "Gatineau CAN"]
[Date "2003.05.13"]
[Round "4"]
[White "Menard, Marc"]
[Black "Ethier, Valori"]
[Result "1-0"]
[WhiteElo "1611"]
[BlackElo "1474"]
[PlyCount "97"]
[EventDate "2003.04.29"]
[EventType "swiss"]
[EventRounds "6"]
[EventCountry "CAN"]

1. e4 c6 2. d4 d5 3. Nc3 dxe4 4. Nxe4 Nd7 5. Nf3 Ngf6 6. Bd3 Nxe4 7. Bxe4 Nf6
8. Bd3 Bg4 9. h3 Bxf3 10. Qxf3 Qxd4 11. O-O e6 12. Re1 Be7 13. Be3 Qd7 14. Rad1
Qc7 15. Bf4 Qa5 16. Bc4 Rd8 17. Rxd8+ Bxd8 18. Rd1 O-O 19. Qd3 Bc7 20. Qf3 Bxf4
21. Qxf4 Rd8 22. Qf3 Rxd1+ 23. Qxd1 Nd5 24. Kf1 Qb6 25. Bb3 Qd8 26. c4 Ne3+ 27.
fxe3 Qxd1+ 28. Bxd1 c5 29. Bf3 b6 30. Ke2 e5 31. Kd3 f5 32. Bd5+ Kf8 33. g4 e4+
34. Kc3 g6 35. b4 Ke7 36. bxc5 bxc5 37. Bg8 fxg4 38. hxg4 h5 39. gxh5 gxh5 40.
Bh7 Kf6 41. Bxe4 Kg5 42. Kb3 h4 43. Ka4 Kf6 44. Kb5 Ke5 45. Bd5 Kd6 46. Ka6 h3
47. Kxa7 h2 48. Kb6 Kd7 49. Kb7 1-0

[Event "Outaouais ferme"]
[Site "Gatineau CAN"]
[Date "2003.05.16"]
[Round "5"]
[White "Brousseau, Yvan"]
[Black "Libersan, Mattieu"]
[Result "0-1"]
[WhiteElo "2059"]
[BlackElo "1936"]
[PlyCount "84"]
[EventDate "2003.04.29"]
[EventType "swiss"]
[EventRounds "6"]
[EventCountry "CAN"]

1. Nf3 Nf6 2. g3 d5 3. Bg2 c5 4. O-O Nc6 5. d3 Bg4 6. Nbd2 e6 7. c3 Bd6 8. Qb3
Qc7 9. e4 O-O 10. Nh4 Be2 11. Re1 Bxd3 12. exd5 exd5 13. c4 Nb4 14. Re3 Bc2 15.
Qa3 Ng4 16. Re1 Nd3 17. Rf1 Rfe8 18. Qc3 Ne1 19. Bxd5 Be5 20. Qa3 Bd4 21. Ndf3
Nxf3+ 22. Nxf3 Be4 23. Nxd4 cxd4 24. Bf4 Qb6 25. c5 Qg6 26. Bxe4 Rxe4 27. Bd6
Qh5 28. h4 Ne5 29. Bxe5 Qxe5 30. Qd3 Re8 31. b4 Re2 32. Rad1 Rd8 33. a3 f5 34.
Qf3 Qe4 35. Qxe4 fxe4 36. Rfe1 d3 37. Kf1 Rxe1+ 38. Kxe1 Kf7 39. Kd2 Ke6 40.
Ke3 Ke5 41. f3 exf3 42. Rxd3 f2 0-1

[Event "Outaouais ferme"]
[Site "Gatineau CAN"]
[Date "2003.05.16"]
[Round "5"]
[White "Ethier, Valori"]
[Black "Pilon, Robert"]
[Result "1-0"]
[WhiteElo "1474"]
[BlackElo "1517"]
[PlyCount "93"]
[EventDate "2003.04.29"]
[EventType "swiss"]
[EventRounds "6"]
[EventCountry "CAN"]

1. e4 Nc6 2. Bc4 Nf6 3. d4 Nxe4 4. Nf3 d5 5. Bd3 Bg4 6. Bb5 e6 7. Bxc6+ bxc6 8.
Qd3 Bd6 9. Nbd2 Nxd2 10. Bxd2 O-O 11. Ng5 Bf5 12. Qc3 h6 13. Nf3 Rb8 14. O-O f6
15. Rfe1 Qe7 16. a3 c5 17. dxc5 Bxc5 18. Nd4 Bxd4 19. Qxd4 c5 20. Qc3 Rb7 21.
b4 cxb4 22. axb4 Rc7 23. Qe3 Rxc2 24. Rxa7 Rc7 25. Ra6 e5 26. b5 Bc8 27. Ra8
Bb7 28. Ra7 Ra8 29. Rea1 Rxa7 30. Qxa7 Bc8 31. Qb8 Kf7 32. b6 Rb7 33. Qxc8 Rxb6
34. Rc1 Rb7 35. Qa8 d4 36. Qa2+ Kg6 37. Qc2+ Kf7 38. Qh7 Ke6 39. Qg6 Rc7 40.
Qg4+ Kf7 41. Qh5+ Kg8 42. Ra1 Ra7 43. Rd1 Qc5 44. Rc1 Ra1 45. Rxa1 Kh7 46. Qf5+
Kg8 47. Qg6 1-0

[Event "Outaouais ferme"]
[Site "Gatineau CAN"]
[Date "2003.05.17"]
[Round "5"]
[White "Laurin, Jacques"]
[Black "Groleau, Gilles"]
[Result "0-1"]
[WhiteElo "1890"]
[BlackElo "2057"]
[PlyCount "112"]
[EventDate "2003.04.29"]
[EventType "swiss"]
[EventRounds "6"]
[EventCountry "CAN"]

1. c4 Nf6 2. g3 e6 3. Bg2 c5 4. Nf3 Be7 5. O-O O-O 6. d4 cxd4 7. Nxd4 a6 8. Qb3
Qc7 9. Nc3 d6 10. Bd2 Nbd7 11. Na4 Rb8 12. Rac1 Nc5 13. Qb6 Bd8 14. Ba5 Qxb6
15. Nxb6 e5 16. Nb3 Be6 17. Rfd1 Nxb3 18. axb3 Bc7 19. b4 Rfd8 20. Nd5 Bxa5 21.
bxa5 Nxd5 22. cxd5 Bd7 23. Rc7 Kf8 24. f4 f6 25. fxe5 fxe5 26. Be4 g6 27. Rf1+
Ke7 28. Bg2 Rdc8 29. Rf7+ Kxf7 30. Rxd7+ Kg8 31. Rxd6 Rc1+ 32. Kf2 Rf8+ 33. Ke3
Rc5 34. Rb6 Rxa5 35. Rxb7 Rd8 36. Bh3 Kh8 37. Be6 Ra4 38. b4 a5 39. bxa5 Rxa5
40. Ke4 Ra2 41. e3 Rxh2 42. Kxe5 Rh5+ 43. Kf6 Rf8+ 44. Ke7 Kg7 45. d6 Re5 46.
Rb3 Rf7+ 47. Kd8 Rxe6 48. d7 Rd6 49. Rb7 h5 50. Ke8 g5 51. Rb5 Rdxd7 52. Rxg5+
Kf6 53. Rf5+ Kxf5 54. g4+ Kf6 55. g5+ Kg7 56. e4 Rfe7# 0-1

[Event "Outaouais ferme"]
[Site "Gatineau CAN"]
[Date "2003.05.16"]
[Round "5"]
[White "Papineau, Andre"]
[Black "Lacourse, Guy"]
[Result "1/2-1/2"]
[WhiteElo "1791"]
[BlackElo "1631"]
[PlyCount "112"]
[EventDate "2003.04.29"]
[EventType "swiss"]
[EventRounds "6"]
[EventCountry "CAN"]

1. d4 Nf6 2. Nf3 b6 3. g3 e6 4. Bg2 Bb7 5. O-O Be7 6. c4 O-O 7. Nc3 d5 8. cxd5
exd5 9. Bg5 h6 10. Bxf6 Bxf6 11. Rc1 Nd7 12. Re1 c6 13. e4 dxe4 14. Nxe4 Be7
15. Ne5 Nxe5 16. dxe5 Bb4 17. Qxd8 Raxd8 18. Red1 Ba6 19. a3 Be7 20. Nc3 Rxd1+
21. Rxd1 Rd8 22. Rxd8+ Bxd8 23. Bxc6 Bc7 24. f4 Kf8 25. Kf2 Bc8 26. Ke3 a5 27.
Kd4 Be6 28. Nb5 Bb8 29. h4 Ke7 30. Ke4 Bd7 31. Bxd7 Kxd7 32. Kd5 h5 33. Nd4 g6
34. Nf3 Bc7 35. Ng5 Ke8 36. Kc6 Bd8 37. Ne4 Ke7 38. Nf6 Ke6 39. Ne4 Ke7 40. Ng5
f6 41. exf6+ Kxf6 42. Kd7 Be7 43. Ne4+ Kf7 44. Kc7 b5 45. Kc6 b4 46. axb4 Bxb4
47. Kd5 a4 48. Kc4 a3 49. bxa3 Bxa3 50. Kd3 Ke6 51. Ke3 Kf5 52. Kf3 Be7 53. Nc3
Bd6 54. Nd5 Bc5 55. Nc3 Bb4 56. Nd5 Bc5 1/2-1/2

[Event "Outaouais ferme"]
[Site "Gatineau CAN"]
[Date "2003.05.17"]
[Round "6"]
[White "Desjardins, Michel"]
[Black "Rose, Richard"]
[Result "1-0"]
[WhiteElo "1755"]
[BlackElo "1778"]
[PlyCount "93"]
[EventDate "2003.04.29"]
[EventType "swiss"]
[EventRounds "6"]
[EventCountry "CAN"]

1. e4 c6 2. d4 d5 3. e5 Bf5 4. Nc3 e6 5. g4 Bg6 6. Nge2 Bb4 7. h4 f6 8. h5 Be4
9. Rh3 f5 10. g5 f4 11. Bxf4 Ne7 12. a3 Bxc3+ 13. Rxc3 Qa5 14. Bh3 Bf5 15. Bd2
Qc7 16. Nf4 Kd7 17. Bxf5 Nxf5 18. Be3 Rf8 19. Qd3 b5 20. a4 b4 21. Rb3 a5 22.
c4 Nxe3 23. fxe3 Qd8 24. cxd5 cxd5 25. Qb5+ Ke7 26. g6 Nd7 27. gxh7 Ke8 28.
O-O-O Qg5 29. Qb7 Rb8 30. Qc6 Qf5 31. Qxe6+ Qxe6 32. Nxe6 Rh8 33. Nc7+ Kd8 34.
Nxd5 Rxh7 35. Nf4 Nb6 36. e4 Nxa4 37. Rg3 Rc8+ 38. Kb1 b3 39. Rc1 Rxc1+ 40.
Kxc1 g5 41. hxg6 Rh1+ 42. Kd2 Rh2+ 43. Rg2 Rxg2+ 44. Nxg2 Ke7 45. Kc1 Nb6 46.
Ne3 a4 47. Nd5+ 1-0

[Event "Outaouais ferme"]
[Site "Gatineau CAN"]
[Date "2003.05.16"]
[Round "6"]
[White "Groleau, Gilles"]
[Black "Brousseau, Yvan"]
[Result "1-0"]
[WhiteElo "2057"]
[BlackElo "2059"]
[PlyCount "59"]
[EventDate "2003.04.29"]
[EventType "swiss"]
[EventRounds "6"]
[EventCountry "CAN"]

1. e4 e6 2. d4 d5 3. Nd2 Nf6 4. e5 Nfd7 5. Bd3 c5 6. c3 Nc6 7. Ne2 cxd4 8. cxd4
Bb4 9. O-O Bxd2 10. Bxd2 O-O 11. Qc2 Qh4 12. g3 Qh5 13. Nf4 Qf3 14. Bxh7+ Kh8
15. Bc3 g5 16. Ng2 f5 17. exf6 Nxf6 18. Bd3 Qh5 19. Be2 Qh6 20. f4 Bd7 21. fxg5
Qxg5 22. Rf4 Ne7 23. Rh4+ Kg7 24. Bd2 Qg6 25. Bh6+ Qxh6 26. Rxh6 Kxh6 27. Rf1
Nf5 28. Qd2+ Kg7 29. Qg5+ Kh8 30. Nh4 1-0

[Event "Outaouais ferme"]
[Site "Gatineau CAN"]
[Date "2003.05.17"]
[Round "6"]
[White "Lacourse, Guy"]
[Black "Maisonneuve, Paul"]
[Result "1-0"]
[WhiteElo "1631"]
[BlackElo "1628"]
[PlyCount "75"]
[EventDate "2003.04.29"]
[EventType "swiss"]
[EventRounds "6"]
[EventCountry "CAN"]

1. d4 Nf6 2. Nf3 g6 3. c4 Bg7 4. Nc3 O-O 5. e4 d6 6. Be2 Nbd7 7. O-O c5 8. d5
Ng4 9. h3 Nge5 10. Qc2 a6 11. a4 Nxf3+ 12. Bxf3 Bd4 13. Bd2 Qb6 14. a5 Qa7 15.
Kh1 b6 16. axb6 Qxb6 17. Na4 Qb7 18. Ba5 Ne5 19. Be2 Bd7 20. Nb6 Rab8 21. f4
Bxh3 22. fxe5 Bd7 23. exd6 exd6 24. Nxd7 Qxd7 25. Bc3 Be3 26. Qd3 Bh6 27. Rxa6
Rb3 28. Qg3 Rd8 29. Bg4 Qe7 30. Bf6 Rxg3 31. Bxe7 Rxg4 32. Bxd8 Rxe4 33. Rxd6
f5 34. b3 Re3 35. Rf3 Re1+ 36. Kh2 Re4 37. Re6 Bf4+ 38. g3 1-0